000 00457nmm a2200157Ia 4500
008 251105s9999||||xx |||||||||||||||||und||
020 _a9789580612476
041 _aspa
100 _aPeña Calderón, Leonardo
245 0 _aEl Carnaval de los Náufragos
264 _a[Bogotá, Colombia] :
_bOveja Negra,
_c2014
300 _a287 páginas
650 _aLatin American narrative
856 _uhttps://public.digitaliapublishing.com/a/37788
942 _cCF
999 _c94906
_d94906